आमची मेली पुरूषाची जात (Record no. 435595)

MARC details
000 -LEADER
fixed length control field 00516nam a2200145Ia 4500
008 - FIXED-LENGTH DATA ELEMENTS--GENERAL INFORMATION
fixed length control field 100122s9999 xx 000 0 und d
082 ## - DEWEY DECIMAL CLASSIFICATION NUMBER
Item number 60441
Classification number 822.08
100 ## - MAIN ENTRY--PERSONAL NAME
Personal name सबनीस वसंत
245 ## - TITLE STATEMENT
Title आमची मेली पुरूषाची जात
260 ## - PUBLICATION, DISTRIBUTION, ETC. (IMPRINT)
Name of publisher, distributor, etc जतिन रांगणेकर
Date of publication, distribution, etc 2001
300 ## - PHYSICAL DESCRIPTION
Extent 60
630 ## - SUBJECT ADDED ENTRY--UNIFORM TITLE
Uniform title आमची मेली पुरूषाची जात
730 ## - ADDED ENTRY--UNIFORM TITLE
Uniform title आमची मेली पुरूषाची जात
942 ## - ADDED ENTRY ELEMENTS (KOHA)
Koha item type Book
Holdings
Withdrawn status Lost status Damaged status Not for loan Home library Current library Date acquired Cost, normal purchase price Total Checkouts Full call number Barcode Date last seen Cost, replacement price Price effective from Koha item type Public note
        S.V. Pathak Library, Vile Parle S.V. Pathak Library, Vile Parle 11/25/2001 60.00   60441 SVPPARLE-60441 01/25/2010 60.00 01/25/2010 Book 4)किंमत वसुल General Lost